000 00976nas a2200325 4500
001 BR2013010266
003 BR-BrBNA
005 20231205123440.0
007 ta
008 230509b bl.|||p| |||| 00| 00por d
040 _aBR-BrBNA
_bpor
_cBiblioteca Nacional de Agricultura
041 _a(En)
072 _aF04; F61; U10
100 1 _aMarchand, S.
100 1 _aParent, S.E.
100 1 _aDeland, J.P.
100 1 _aParent, L.E.
245 1 _aNutrient signature of quebec (Canada)cranberry (Vaccinium macrocarpon AIT.)
650 _aERICACEAE
650 _aDICOTILEDÔNEA
650 _aFERTILIZANTE
650 _aNUTRIENTE MINERAL
650 _aANÁLISE FOLIAR
650 _aESTADO NUTRICIONAL
650 _aADUBAÇÃO
650 _aABSORÇÃO DE NUTRIENTES
773 0 _tRevista Brasileira de Fruticultura (Brazil)
_xISSN 0100-2945
_g(Mar 2013), v. 35(1) p. 292-304
_wBR2013010266
909 _a202311
_bLúcia
_c55
_dLúcia Elande
942 _2AGRIS
_n0
_cANA
999 _c233927
_d233927